[Event "NRW Class1 1718"]
[Site "Germany"]
[Date "2018.02.18"]
[Round "6.2"]
[White "Stolte, Alexander"]
[Black "Kruse, Herbert"]
[Result "1/2-1/2"]
[WhiteElo "2173"]
[BlackElo "2175"]
[PlyCount "113"]
[EventDate "2017.09.17"]
[EventType "team-tourn"]
[EventRounds "9"]
[EventCountry "GER"]
[SourceTitle "EXT 2019"]
[Source "ChessBase"]
[SourceDate "2018.10.10"]
[SourceVersion "1"]
[SourceVersionDate "2018.10.10"]
[SourceQuality "1"]
[WhiteTeam "Sundern"]
[BlackTeam "Bielefeld"]
[WhiteTeamCountry "GER"]
[BlackTeamCountry "GER"]

1. d4 Nf6 2. Nf3 e6 3. Bg5 c5 4. e3 Qb6 5. Qc1 Nc6 6. c3 d5 7. Nbd2 Bd7 8. Bd3 Rc8 9. Qb1 Be7 10. 0-0 h6 11. Bf4 Nh5 12. Be5 c4 13. Bc2 Nf6 14. h3 Nxe5 15. Nxe5 Qc7 16. f4 Bd6 17. Qd1 Bc6 18. Qe2 b5 19. e4 dxe4 20. Nxe4 Bxe4 21. Bxe4 Nxe4 22. Qxe4 Bxe5 23. fxe5 Qc6 24. Qg4 g6 25. Rf3 Rc7 26. Raf1 Re7 27. Qf4 h5 28. Qf6 Rg8 29. Qh4 Qb7 30. Qf2 Rg7 31. Qe3 Rh7 32. Qe2 a6 33. a4 Kf8 34. axb5 axb5 35. Qe3 Kg8 36. Qg5 Rd7 37. Rf4 Qa8 38. Kh2 Rg7 39. R1f3 Qd8 40. Rf6 Qa8 41. Qe3 Qb7 42. Rf1 Qa8 43. Qg1 Qe4 44. R6f4 Qb7 45. h4 Qa8 46. Ra1 Qb8 47. g3 Kh7 48. Qf1 Qb7 49. Ra5 Qc6 50. Qa1 Rg8 51. Qf1 Kg7 52. Qf3 Qxf3 53. Rxf3 Rb8 54. b4 cxb3 55. Ra3 Rc8 56. Rxb3 Rd5 57. Kg2 1/2-1/2

[Event "Bayern-chI Bank Hofmann 21st"]
[Site "Tegernsee"]
[Date "2017.11.04"]
[Round "8"]
[White "Gschwendtner, Klaus"]
[Black "Stolte, Alexander"]
[Result "0-1"]
[WhiteElo "2095"]
[BlackElo "2240"]
[PlyCount "92"]
[EventDate "2017.10.28"]
[EventType "swiss"]
[EventRounds "9"]
[EventCountry "GER"]
[SourceTitle "CBM 181 Extra"]
[Source "ChessBase"]
[SourceDate "2017.12.12"]
[SourceVersion "1"]
[SourceVersionDate "2017.12.12"]
[SourceQuality "1"]

1. Nf3 d5 2. g3 c6 3. Bg2 Bg4 4. h3 Bf5 5. d3 Nf6 6. Nbd2 h6 7. c3 Nbd7 8. 0-0 e5 9. Nh4 Be6 10. e4 Nc5 11. Qe2 dxe4 12. dxe4 Qd3 13. Re1 0-0-0 14. Nf1 Qxe2 15. Rxe2 Rd1 16. Rd2 Rxd2 17. Nxd2 Nd3 18. Bf1 Nxc1 19. Rxc1 Bc5 20. b4 Rd8 21. Rc2 Bb6 22. a4 a5 23. Kg2 Rxd2 24. Rxd2 Nxe4 25. Rc2 Bb3 26. Rb2 Bxa4 27. bxa5 Bxa5 28. Re2 Nd6 29. Ra2 b5 30. c4 Bb6 31. cxb5 cxb5 32. Nf3 e4 33. Nd2 Kc7 34. Nb1 Kc6 35. Nc3 Bb3 36. Rb2 Bc4 37. Bxc4 bxc4 38. Kf1 Bd4 39. Rc2 Kc5 40. Ke2 f5 41. Nd1 Kb4 42. Ne3 c3 43. Ra2 Kb3 44. Ra6 Bxe3 45. fxe3 Nc4 46. Kd1 Kb2 0-1

[Event "Bayern-chI Bank Hofmann 20th"]
[Site "Bad Wiessee"]
[Date "2016.11.01"]
[Round "4"]
[White "De Boer, Harold"]
[Black "Stolte, Alexander"]
[Result "0-1"]
[WhiteElo "2008"]
[BlackElo "2209"]
[PlyCount "56"]
[EventDate "2016.10.29"]
[EventType "swiss"]
[EventRounds "9"]
[EventCountry "GER"]
[SourceTitle "CBM 175 Extra"]
[Source "ChessBase"]
[SourceDate "2016.12.12"]
[SourceVersion "1"]
[SourceVersionDate "2016.12.12"]
[SourceQuality "1"]

1. d4 d5 2. c4 c6 3. Nf3 Nf6 4. Nc3 a6 5. c5 g6 6. Bf4 Bg7 7. e3 0-0 8. Bd3 Bg4 9. Qb3 Bxf3 10. gxf3 Nbd7 11. Qa3 Nh5 12. Bg5 Qc8 13. f4 f6 14. Bh4 e5 15. f5 exd4 16. exd4 Qe8+ 17. Kd2 Nf4 18. Rae1 Qf7 19. Bg3 Nxd3 20. Kxd3 Rfe8 21. Qb3 gxf5 22. Qd1 Qg6 23. Bf4 Qg4 24. Qd2 Nf8 25. Kc2 Ne6 26. Ne2 Nxf4 27. Nxf4 Rxe1 28. Rxe1 Bh6 0-1

[Event "Bayern-chI Bank Hofmann 19th"]
[Site "Bad Wiessee"]
[Date "2015.11.02"]
[Round "3"]
[White "Volkov, Sergey"]
[Black "Stolte, Alexander"]
[Result "1-0"]
[WhiteElo "2592"]
[BlackElo "2206"]
[PlyCount "67"]
[EventDate "2015.10.31"]
[EventType "swiss"]
[EventRounds "9"]
[EventCountry "GER"]
[SourceTitle "CBM 169 Extra"]
[Source "ChessBase"]
[SourceDate "2015.12.18"]
[SourceVersion "1"]
[SourceVersionDate "2015.12.18"]
[SourceQuality "1"]

1. d4 f5 2. Bf4 Nf6 3. e3 e6 4. Bd3 b6 5. Nf3 Bb7 6. Nbd2 Be7 7. h3 0-0 8. 0-0 Nc6 9. a3 Qc8 10. c4 Nd8 11. Qc2 Nf7 12. d5 g6 13. dxe6 dxe6 14. e4 Bd6 15. e5 Nh5 16. Bh2 Be7 17. b4 c5 18. b5 Ng5 19. Nxg5 Bxg5 20. f4 Bh6 21. Be2 a5 22. Rad1 Qc7 23. Bxh5 gxh5 24. Nf3 Rfd8 25. Qe2 Rxd1 26. Rxd1 Rd8 27. Bg3 Rd7 28. Nh4 Qd8 29. Rxd7 Qxd7 30. Qxh5 Bxf4 31. Bxf4 Qd4+ 32. Kh1 Qxf4 33. Qe8+ Kg7 34. Qe7+ 1-0

[Event "Eforie Nord op 2nd"]
[Site "Eforie Nord"]
[Date "2010.06.19"]
[Round "2"]
[White "Manolache, Marius"]
[Black "Stolte, Alexander"]
[Result "1-0"]
[WhiteElo "2527"]
[BlackElo "2231"]
[PlyCount "47"]
[EventDate "2010.06.18"]
[EventType "swiss"]
[EventRounds "11"]
[EventCountry "ROU"]
[SourceTitle "CBM 137 Extra"]
[Source "ChessBase"]
[SourceDate "2010.09.01"]
[SourceVersion "1"]
[SourceVersionDate "2010.09.01"]
[SourceQuality "1"]

1. d4 Nf6 2. Bg5 e6 3. e3 c5 4. Nd2 Be7 5. Bd3 cxd4 6. exd4 Qb6 7. Ne2 d5 8. a4 Nc6 9. c3 e5 10. Bb5 0-0 11. Bxc6 bxc6 12. a5 Qc7 13. dxe5 Ng4 14. Bxe7 Qxe7 15. 0-0 Ba6 16. Re1 Qh4 17. Nf1 Qxf2+ 18. Kh1 Rfe8 19. Neg3 Nxe5 20. Re3 Bxf1 21. Nxf1 Qxb2 22. Qe1 Qb8 23. Rb1 Qd8 24. Rxe5 1-0

[Event "Predeal op"]
[Site "Predeal"]
[Date "2007.??.??"]
[Round "?"]
[White "Badea, Bela"]
[Black "Stolte, Alexander"]
[Result "1-0"]
[WhiteElo "2488"]
[BlackElo "2191"]
[PlyCount "33"]
[EventDate "2007.08.12"]
[EventType "swiss"]
[EventRounds "9"]
[EventCountry "ROU"]
[SourceTitle "CBM 119 Extra"]
[Source "ChessBase"]
[SourceDate "2007.09.04"]
[SourceVersion "1"]
[SourceVersionDate "2007.09.04"]
[SourceQuality "1"]

1. Nf3 d5 2. g3 c5 3. Bg2 Nc6 4. d4 Nf6 5. 0-0 e6 6. c4 dxc4 7. Qa4 Qb6 8. Na3 cxd4 9. Nxd4 Bxa3 10. Nxc6 0-0 11. bxa3 Bd7 12. Ne7+ Kh8 13. Qxc4 Qd8 14. Bd2 a5 15. Qc5 b6 16. Qd6 Bb5 17. Qxd8 1-0

[Event "Predeal op"]
[Site "Predeal"]
[Date "2007.??.??"]
[Round "?"]
[White "Stolte, Alexander"]
[Black "Grigore, George Gabriel"]
[Result "0-1"]
[WhiteElo "2191"]
[BlackElo "2534"]
[PlyCount "93"]
[EventDate "2007.08.12"]
[EventType "swiss"]
[EventRounds "9"]
[EventCountry "ROU"]
[SourceTitle "CBM 119 Extra"]
[Source "ChessBase"]
[SourceDate "2007.09.04"]
[SourceVersion "1"]
[SourceVersionDate "2007.09.04"]
[SourceQuality "1"]

1. e4 c5 2. Nf3 Nc6 3. d4 cxd4 4. Nxd4 e5 5. Nb5 d6 6. Be3 a6 7. N5c3 Nf6 8. Nd5 Nxd5 9. Qxd5 Nb4 10. Qb3 d5 11. c3 d4 12. Bc4 dxe3 13. Bxf7+ Ke7 14. cxb4 exf2+ 15. Kxf2 Qd4+ 16. Kg3 g6 17. Rf1 Bh6 18. Nc3 Bf4+ 19. Kh4 Qd8 20. Rad1 Bd7 21. Rxd7+ Qxd7 22. Nd5+ Kf8 23. Nxf4 exf4 24. Rxf4 Qc7 25. g3 Kg7 26. Qe6 Qd8+ 27. Kg4 Qc8 28. Qxc8 Raxc8 29. Bd5 Rc7 30. h4 Re8 31. h5 Ree7 32. hxg6 hxg6 33. Rf2 Rc1 34. Kf4 Rd1 35. Rc2 Rf1+ 36. Ke3 Kf6 37. Rc5 Rg1 38. Kf3 g5 39. b5 a5 40. g4 Rf1+ 41. Ke2 Rb1 42. b3 b6 43. Rc6+ Ke5 44. Rxb6 Rh7 45. Kd3 Rh3+ 46. Kc2 Rg1 47. Kb2 0-1

[Event "BL2-West 0001"]
[Site "Germany"]
[Date "2001.03.11"]
[Round "7.6"]
[White "Solleveld, Maarten"]
[Black "Stolte, Alexander"]
[Result "1-0"]
[WhiteElo "2426"]
[BlackElo "2241"]
[PlyCount "73"]
[EventDate "2000.10.15"]
[EventType "team-tourn"]
[EventRounds "9"]
[EventCountry "GER"]
[SourceTitle "CBM 082 Extra"]
[Source "ChessBase"]
[SourceDate "2001.07.03"]
[SourceVersion "1"]
[SourceVersionDate "2001.07.03"]
[SourceQuality "1"]
[WhiteTeam "Heiligenhaus"]
[BlackTeam "Muenster"]
[WhiteTeamCountry "GER"]
[BlackTeamCountry "GER"]

1. e4 e6 2. d4 d5 3. Nc3 Bb4 4. e5 c5 5. a3 Bxc3+ 6. bxc3 Qc7 7. Qg4 f5 8. Qg3 cxd4 9. cxd4 Ne7 10. Bd2 0-0 11. Bd3 b6 12. Ne2 Ba6 13. Nf4 Qd7 14. h4 Bxd3 15. Qxd3 Rc8 16. Rh3 Rc4 17. Rg3 Nbc6 18. Nh5 Ng6 19. c3 Rf8 20. Kf1 Rf7 21. Re1 Qe7 22. Nf6+ Kh8 23. h5 Nf8 24. Bg5 gxf6 25. exf6 Rxf6 26. Qe3 Qf7 27. Qf4 e5 28. Bxf6+ Qxf6 29. dxe5 Qe6 30. Qg5 Rg4 31. Rxg4 fxg4 32. Qf6+ Kg8 33. Qg5+ Kh8 34. Rd1 Nxe5 35. Re1 Nfd7 36. h6 Qf7 37. Rxe5 1-0

[Event "BL2-West 0001"]
[Site "Germany"]
[Date "2001.01.28"]
[Round "5.5"]
[White "Stolte, Alexander"]
[Black "Loifenfeld, Jakov"]
[Result "0-1"]
[WhiteElo "2241"]
[BlackElo "2394"]
[PlyCount "49"]
[EventDate "2000.10.15"]
[EventType "team-tourn"]
[EventRounds "9"]
[EventCountry "GER"]
[SourceTitle "CBM 082 Extra"]
[Source "ChessBase"]
[SourceDate "2001.07.03"]
[SourceVersion "1"]
[SourceVersionDate "2001.07.03"]
[SourceQuality "1"]
[WhiteTeam "Muenster"]
[BlackTeam "Koeln Porz II"]
[WhiteTeamCountry "GER"]
[BlackTeamCountry "GER"]

1. e4 e6 2. d4 d5 3. Nd2 c5 4. exd5 Qxd5 5. Ngf3 cxd4 6. Bc4 Qd6 7. 0-0 Nf6 8. Nb3 Nc6 9. Nbxd4 Nxd4 10. Nxd4 a6 11. b3 Qc7 12. Bb2 Bd6 13. Qe2 0-0 14. Bd3 Bxh2+ 15. Kh1 Bf4 16. g3 e5 17. gxf4 exd4 18. Qe5 Qc6+ 19. f3 Bh3 20. Bxd4 Bxf1 21. Rxf1 Rac8 22. Be4 Qd7 23. Bc3 Qh3+ 24. Kg1 Qg3+ 25. Kh1 0-1

[Event "Oberliga NRW 9900 II"]
[Site "Germany"]
[Date "2000.04.21"]
[Round "8.1"]
[White "Stolte, Alexander"]
[Black "Adamski, Jan"]
[Result "0-1"]
[WhiteElo "2145"]
[BlackElo "2335"]
[PlyCount "76"]
[EventDate "1999.10.26"]
[EventType "team"]
[EventRounds "9"]
[EventCountry "GER"]
[SourceTitle "EXT 2001"]
[Source "ChessBase"]
[SourceDate "2000.11.22"]
[SourceVersion "1"]
[SourceVersionDate "2000.11.22"]
[SourceQuality "1"]
[WhiteTeam "Muenster II"]
[BlackTeam "Letmathe"]
[WhiteTeamCountry "GER"]
[BlackTeamCountry "GER"]

1. d4 Nf6 2. Nf3 e6 3. Bg5 h6 4. Bh4 d6 5. e3 g5 6. Bg3 Nh5 7. Bd3 Bg7 8. Nbd2 Qe7 9. c3 Nd7 10. Qc2 a6 11. 0-0-0 b5 12. Nb3 Nxg3 13. hxg3 c5 14. dxc5 Nxc5 15. Nxc5 dxc5 16. Be4 Ra7 17. g4 0-0 18. Bh7+ Kh8 19. Rh5 f5 20. Nxg5 Rf6 21. gxf5 exf5 22. g4 fxg4 23. Ne4 Rc6 24. Rhd5 Rd7 25. Ng3 Rcd6 26. Nf5 Rxd5 27. Rxd5 Qf7 28. Rxc5 Bb7 29. Nh4 Bf6 30. Ng6+ Kg7 31. Ne5 Bxe5 32. Rxe5 Bf3 33. b3 Qf6 34. Re8 b4 35. Rg8+ Kf7 36. Rg6 Qxc3 37. Qxc3 bxc3 38. Kc2 Be4+ 0-1

[Event "Sportland NRW-Cup"]
[Site "Senden"]
[Date "1999.??.??"]
[Round "3"]
[White "Meijers, Viesturs"]
[Black "Stolte, Alexander"]
[Result "1/2-1/2"]
[WhiteElo "2470"]
[BlackElo "2265"]
[PlyCount "61"]
[EventDate "1999.10.??"]
[EventType "swiss"]
[EventRounds "9"]
[EventCountry "GER"]
[SourceTitle "EXT 2000"]
[Source "ChessBase"]
[SourceDate "1999.11.16"]
[SourceVersion "1"]
[SourceVersionDate "1999.11.16"]
[SourceQuality "1"]

1. e4 e6 2. d4 d5 3. exd5 exd5 4. c4 Nf6 5. Nf3 Bb4+ 6. Nc3 0-0 7. Bd3 Re8+ 8. Be3 dxc4 9. Bxc4 Be6 10. Bd3 c6 11. 0-0 h6 12. a3 Bf8 13. Ne5 Nbd7 14. Re1 Nxe5 15. dxe5 Bg4 16. Qc2 Rxe5 17. h3 Be6 18. Red1 Nd5 19. Bd4 Rg5 20. Ne4 Rxg2+ 21. Kxg2 Nf4+ 22. Kf3 Qxd4 23. Kxf4 f5 24. Kg3 fxe4 25. Bxe4 Bd6+ 26. Kg2 Qe5 27. Rh1 Qg5+ 28. Kf1 Qb5+ 29. Kg2 Qg5+ 30. Kf1 Qb5+ 31. Kg2 1/2-1/2

[Event "Sportland NRW-Cup"]
[Site "Senden"]
[Date "1999.??.??"]
[Round "8"]
[White "Stolte, Alexander"]
[Black "Genkin, Michael"]
[Result "1/2-1/2"]
[WhiteElo "2265"]
[BlackElo "2175"]
[PlyCount "35"]
[EventDate "1999.10.??"]
[EventType "swiss"]
[EventRounds "9"]
[EventCountry "GER"]
[SourceTitle "EXT 2000"]
[Source "ChessBase"]
[SourceDate "1999.11.16"]
[SourceVersion "1"]
[SourceVersionDate "1999.11.16"]
[SourceQuality "1"]

1. Nf3 Nf6 2. c4 e6 3. g3 b6 4. Bg2 Bb7 5. 0-0 c5 6. b3 Be7 7. Bb2 0-0 8. d4 cxd4 9. Nxd4 Bxg2 10. Kxg2 Qc8 11. Qd3 Nc6 12. Nf3 Qb7 13. Nbd2 Rfd8 14. e4 d6 15. Qe2 Rac8 16. Nd4 Nxd4 17. Bxd4 a6 18. a4 1/2-1/2

[Event "Karl Wagner Memorial 5th"]
[Site "Graz"]
[Date "1998.09.11"]
[Round "7.15"]
[White "Stolte, Alexander"]
[Black "Lendwai, Reinhard"]
[Result "0-1"]
[WhiteElo "2145"]
[BlackElo "2375"]
[PlyCount "40"]
[EventDate "1998.09.??"]
[EventType "swiss"]
[EventRounds "9"]
[EventCountry "AUT"]
[SourceTitle "EXT 1999"]
[Source "ChessBase"]
[SourceDate "1998.11.16"]
[SourceVersion "1"]
[SourceVersionDate "1998.11.16"]
[SourceQuality "1"]

1. d4 Nf6 2. Nf3 e6 3. Bg5 c5 4. e3 Qb6 5. Qc1 Ne4 6. Bf4 Nc6 7. Bd3 d5 8. 0-0 cxd4 9. exd4 Nxd4 10. Nxd4 Qxd4 11. Be3 Qb4 12. a3 Qd6 13. Rd1 Qc6 14. a4 Bd7 15. Bb5 Qc7 16. f3 Nf6 17. Bd4 Bc5 18. Qg5 0-0 19. Bxd7 Bxd4+ 20. Rxd4 Qb6 0-1

[Event "Karl Wagner Memorial 5th"]
[Site "Graz"]
[Date "1998.09.10"]
[Round "6.27"]
[White "Senoner, Erich2222"]
[Black "Stolte, Alexander"]
[Result "0-1"]
[WhiteElo "2160"]
[BlackElo "2145"]
[PlyCount "74"]
[EventDate "1998.09.??"]
[EventType "swiss"]
[EventRounds "9"]
[EventCountry "AUT"]
[SourceTitle "EXT 1999"]
[Source "ChessBase"]
[SourceDate "1998.11.16"]
[SourceVersion "1"]
[SourceVersionDate "1998.11.16"]
[SourceQuality "1"]

1. e4 e6 2. d4 d5 3. Nd2 Nf6 4. e5 Nfd7 5. Bd3 c5 6. c3 Nc6 7. Ne2 cxd4 8. cxd4 f6 9. f4 fxe5 10. fxe5 Nxd4 11. Nxd4 Qh4+ 12. Kf1 Qxd4 13. Nf3 Qg4 14. Bd2 Bc5 15. h3 Qg3 16. Be1 Qf4 17. g3 Qe3 18. Kg2 0-0 19. Rc1 Nxe5 20. Be2 Nxf3 21. Bxf3 Bd7 22. Rc3 Qd4 23. Qe2 Bb6 24. Rf1 Qf6 25. Rb3 Bc6 26. Bb4 Rf7 27. Bd6 Bd4 28. Kh2 e5 29. Ba3 e4 30. Bg2 Qg6 31. g4 Rxf1 32. Qxf1 Qf6 33. Qxf6 gxf6 34. Kg3 a5 35. Kh4 a4 36. Rb4 Bc5 37. Rxb7 Bf2+ 0-1